000 00690nam a2200289Ia 4500
005 20260324125343.0
008 008 260324s9999 xx 000 0 eng d
020 _a9781003417644
037 _aEBOOK
040 _aCRL
040 _beng
040 _cCRL
041 _2eng
041 _aeng
084 _qCRL
100 _aWalter Goffart
_91177668
245 0 _aBarbarians, Maps, and Historiography
245 0 _bStudies on the Early Medieval West
260 _bTaylor and Francis
260 _c2009
365 _a
365 _b240
856 _uhttp://www.taylorfrancis.com/books/9781003417644
942 _cEBOOK
999 _c1772822
_d1772822